000
00329nam a2200145Ia 4500
008
200615s9999||||xx |||||||||||||| ||und||
020
_a
9789383746460
082
_a
510
_b
COM-D
100
_a
DURAIPANDIAN,P
245
0
_a
COMPLEX ANALYSIS
250
_a
1ST
260
_a
NEW DELHI
_b
S.CHAND
_c
2018
300
_a
288
942
_c
BK
999
_c
31019
_d
31019